| 000 | 00650nam a2200217 a 4500 | ||
|---|---|---|---|
| 999 |
_c1035 _d1035 |
||
| 001 | 1035 | ||
| 003 | BD-JhCC | ||
| 005 | 20220811134024.0 | ||
| 008 | 171014s2006 bg |||| |||| 000 0 ben d | ||
| 020 | _a9847029700273 | ||
| 035 | _a(BD-JhCC)1035 | ||
| 040 |
_aBD-JhCC _dBD-JhCC |
||
| 041 | _aben | ||
| 082 |
_a891.443 _bIQB 2006 |
||
| 100 | _aইকবাল, মুহম্মদ জাফর | ||
| 245 |
_aছায়ালীন / _cমুহম্মদ জাফর ইকবাল |
||
| 260 |
_aঢাকা: _bসুবর্ন, _c২০০৬ |
||
| 300 |
_a১০৩ পৃ.; _c২২ cm |
||
| 650 | _aBengali Novel | ||
| 942 |
_2ddc _cBK _09 |
||